<?xml version="1.0" encoding="UTF-8"?>
<record
    xmlns:xsi="http://www.w3.org/2001/XMLSchema-instance"
    xsi:schemaLocation="http://www.loc.gov/MARC21/slim http://www.loc.gov/standards/marcxml/schema/MARC21slim.xsd"
    xmlns="http://www.loc.gov/MARC21/slim">

  <leader>00980na  a2200265   4500</leader>
  <controlfield tag="001">23896</controlfield>
  <controlfield tag="003">MIRAKIL</controlfield>
  <controlfield tag="005">20181213155322.0</controlfield>
  <controlfield tag="008">180118b        tu            000 0      </controlfield>
  <datafield tag="020" ind1=" " ind2=" ">
    <subfield code="a">9786050102710</subfield>
  </datafield>
  <datafield tag="040" ind1=" " ind2=" ">
    <subfield code="a">Milas</subfield>
    <subfield code="b">tur</subfield>
    <subfield code="c">TR-AnCHP</subfield>
  </datafield>
  <datafield tag="041" ind1=" " ind2=" ">
    <subfield code="a">tur</subfield>
  </datafield>
  <datafield tag="082" ind1=" " ind2=" ">
    <subfield code="a">333.79</subfield>
    <subfield code="b">M26 2012</subfield>
  </datafield>
  <datafield tag="090" ind1=" " ind2=" ">
    <subfield code="a">333.79 M26 2012</subfield>
  </datafield>
  <datafield tag="111" ind1=" " ind2=" ">
    <subfield code="a">Mardin, &#x15E;anl&#x131;urfa &#x130;lleri Enerji Forumu </subfield>
    <subfield code="c">Diyarbak&#x131;r</subfield>
    <subfield code="d">2011</subfield>
  </datafield>
  <datafield tag="245" ind1=" " ind2=" ">
    <subfield code="a"> Mardin, &#x15E;anl&#x131;urfa &#x130;lleri Enerji Forumu 2011</subfield>
    <subfield code="b">bildiriler kitab&#x131;</subfield>
    <subfield code="c">yay&#x131;na haz&#x131;rlayan Elektrik M&#xFC;hendisleri Odas&#x131; Diyarbak&#x131;r &#x15E;ubesi</subfield>
  </datafield>
  <datafield tag="260" ind1=" " ind2=" ">
    <subfield code="a">Diyarbak&#x131;r</subfield>
    <subfield code="b">Elektrik M&#xFC;hendisleri Odas&#x131; Diyarbak&#x131;r &#x15E;ubesi</subfield>
    <subfield code="c">2012</subfield>
  </datafield>
  <datafield tag="300" ind1=" " ind2=" ">
    <subfield code="a">96 s.</subfield>
    <subfield code="b">res.; tbl.; grf.; hrt.; &#x15F;kl.</subfield>
    <subfield code="c">29 sm.</subfield>
  </datafield>
  <datafield tag="490" ind1=" " ind2=" ">
    <subfield code="a">EMO</subfield>
    <subfield code="v">SK/2012/3</subfield>
  </datafield>
  <datafield tag="650" ind1=" " ind2=" ">
    <subfield code="a">Enerji</subfield>
    <subfield code="x">verimlilik</subfield>
  </datafield>
  <datafield tag="650" ind1=" " ind2=" ">
    <subfield code="a">Elektrik enerjisi</subfield>
    <subfield code="x">Toplant&#x131;lar</subfield>
    <subfield code="z">&#x15E;anl&#x131;urfa</subfield>
  </datafield>
  <datafield tag="650" ind1=" " ind2=" ">
    <subfield code="a">Elektrik enerjisi</subfield>
    <subfield code="x">Toplant&#x131;lar</subfield>
    <subfield code="z">Mardin</subfield>
  </datafield>
  <datafield tag="710" ind1=" " ind2=" ">
    <subfield code="a">Elektrik M&#xFC;hendisleri Odas&#x131; Diyarbak&#x131;r &#x15E;ubesi</subfield>
  </datafield>
  <datafield tag="942" ind1=" " ind2=" ">
    <subfield code="2">ddc</subfield>
    <subfield code="c">BKS</subfield>
  </datafield>
  <datafield tag="952" ind1=" " ind2=" ">
    <subfield code="a">0001</subfield>
    <subfield code="b">0001</subfield>
    <subfield code="d">2018-01-18</subfield>
    <subfield code="e">2</subfield>
    <subfield code="l">0</subfield>
    <subfield code="o">333.79 M26 2012</subfield>
    <subfield code="p">017877</subfield>
    <subfield code="r">2018-01-18 00:00:00</subfield>
    <subfield code="v">0.00</subfield>
    <subfield code="w">2018-01-18</subfield>
    <subfield code="y">BKS</subfield>
  </datafield>
  <datafield tag="999" ind1=" " ind2=" ">
    <subfield code="c">10442</subfield>
    <subfield code="d">10442</subfield>
  </datafield>
</record>
